[Event "ODJM B 2025"]
[Site "Willingen GER"]
[Date "2025.06.11"]
[Round "6"]
[White "Weidenhöfer, Ben"]
[Black "Prigandt, Junis"]
[Result "0-1"]
[Termination "normal"]
[Board "67"]
[WhiteElo "1620"]
[BlackElo "1539"]
[WhiteClock "00:11:28"]
[BlackClock "00:08:05"]
[PlyCount "68"]
[WhiteFideId "16273702"]
[BlackFideId "34631712"]
[EventCountry "GER"]
[EventRounds "9"]
[EventType "swiss"]
[EventDate "2025.06.07"]

1. d4 {[%clk 01:30:58]} Nf6 {[%clk 01:30:54]} {[%emt 00:00:06]} 2. Bg5 {[%clk
01:31:21]} {[%emt 00:00:07]} d6 {[%clk 01:30:32]} {[%emt 00:00:52]} 3. Nc3
{[%clk 01:25:48]} {[%emt 00:06:03]} g6 {[%clk 01:28:02]} {[%emt 00:03:01]} 4.
Nf3 {[%clk 01:25:05]} {[%emt 00:01:13]} Bg7 {[%clk 01:28:16]} {[%emt 00:00:15]}
5. e4 {[%clk 01:24:37]} {[%emt 00:00:57]} O-O {[%clk 01:25:53]} {[%emt
00:02:53]} 6. Bd3 {[%clk 01:22:14]} {[%emt 00:02:53]} Nbd7 {[%clk 01:24:10]}
{[%emt 00:02:13]} 7. O-O {[%clk 01:20:45]} {[%emt 00:01:58]} c5 {[%clk
01:23:39]} {[%emt 00:01:02]} 8. d5 {[%clk 01:15:12]} {[%emt 00:06:03]} a6
{[%clk 01:20:07]} {[%emt 00:04:02]} 9. Re1 {[%clk 01:11:33]} {[%emt 00:04:08]}
Qc7 {[%clk 01:14:09]} {[%emt 00:06:28]} 10. Qd2 {[%clk 01:05:06]} {[%emt
00:06:57]} b5 {[%clk 01:11:40]} {[%emt 00:02:59]} 11. Bh6 {[%clk 00:59:55]}
{[%emt 00:05:42]} Nb6 {[%clk 01:06:22]} {[%emt 00:05:47]} 12. Bxg7 {[%clk
00:56:18]} {[%emt 00:04:07]} Kxg7 {[%clk 01:05:13]} {[%emt 00:01:39]} 13. a3
{[%clk 00:52:43]} {[%emt 00:04:05]} Bd7 {[%clk 01:00:58]} {[%emt 00:04:45]} 14.
Qg5 {[%clk 00:41:51]} {[%emt 00:11:21]} e5 {[%clk 00:53:58]} {[%emt 00:07:30]}
15. Nh4 {[%clk 00:38:43]} {[%emt 00:03:38]} c4 {[%clk 00:50:03]} {[%emt
00:04:25]} 16. Bf1 {[%clk 00:38:06]} {[%emt 00:01:07]} Qc5 {[%clk 00:42:03]}
{[%emt 00:08:30]} 17. Re3 {[%clk 00:33:39]} {[%emt 00:04:57]} a5 {[%clk
00:37:05]} {[%emt 00:05:29]} 18. Ne2 {[%clk 00:29:33]} {[%emt 00:04:35]} b4
{[%clk 00:30:07]} {[%emt 00:07:28]} 19. Rf3 {[%clk 00:25:35]} {[%emt 00:04:27]}
Nxe4 {[%clk 00:27:41]} {[%emt 00:02:56]} 20. Qe3 {[%clk 00:19:43]} {[%emt
00:06:23]} Qxe3 {[%clk 00:27:27]} {[%emt 00:00:44]} 21. Rxe3 {[%clk 00:20:06]}
{[%emt 00:00:06]} f5 {[%clk 00:26:46]} {[%emt 00:01:11]} 22. Rd1 {[%clk
00:19:54]} {[%emt 00:00:42]} Nf6 {[%clk 00:25:51]} {[%emt 00:01:26]} 23. f4
{[%clk 00:18:51]} {[%emt 00:01:33]} Nbxd5 {[%clk 00:23:11]} {[%emt 00:03:11]}
24. Rf3 {[%clk 00:18:05]} {[%emt 00:01:15]} e4 {[%clk 00:21:28]} {[%emt
00:02:13]} 25. Rg3 {[%clk 00:17:36]} {[%emt 00:00:58]} Ra6 {[%clk 00:16:44]}
{[%emt 00:05:14]} 26. Rd4 {[%clk 00:17:02]} {[%emt 00:01:04]} Bb5 {[%clk
00:15:33]} {[%emt 00:01:42]} 27. Nxf5+ {[%clk 00:16:23]} {[%emt 00:01:09]} Kh8
{[%clk 00:14:51]} {[%emt 00:01:09]} 28. Nh4 {[%clk 00:15:18]} {[%emt 00:01:37]}
Nc7 {[%clk 00:12:38]} {[%emt 00:02:44]} 29. Rh3 {[%clk 00:13:54]} {[%emt
00:01:53]} Kg7 {[%clk 00:10:27]} {[%emt 00:02:43]} 30. Ng3 {[%clk 00:12:50]}
{[%emt 00:01:34]} Ne6 {[%clk 00:08:46]} {[%emt 00:02:11]} 31. Ne2 {[%clk
00:11:07]} {[%emt 00:02:13]} Nxd4 {[%clk 00:08:02]} {[%emt 00:01:14]} 32. Nxd4
{[%clk 00:11:28]} {[%emt 00:00:09]} Bd7 {[%clk 00:08:05]} {[%emt 00:00:27]} 33.
Bxc4 {[%emt 00:01:01]} Bxh3 {[%emt 00:00:03]} 34. Bxa6 {[%emt 00:00:03]} Bd7
{[%emt 00:00:02]} 0-1

[Event "ODJM B 2025"]
[Site "Willingen GER"]
[Date "2025.06.11"]
[Round "6"]
[White "Menke, Xaver Louis"]
[Black "Huth, Fabienne"]
[Result "1-0"]
[Termination "normal"]
[Board "68"]
[WhiteElo "1631"]
[BlackElo "1402"]
[WhiteClock "00:48:23"]
[BlackClock "00:13:41"]
[PlyCount "119"]
[WhiteFideId "34663134"]
[BlackFideId "34660739"]
[EventCountry "GER"]
[EventRounds "9"]
[EventType "swiss"]
[EventDate "2025.06.07"]

1. e4 {[%clk 01:30:57]} {[%emt 00:00:02]} e6 {[%clk 01:30:57]} {[%emt
00:00:04]} 2. d4 {[%clk 01:30:24]} {[%emt 00:01:02]} d5 {[%clk 01:31:23]}
{[%emt 00:00:04]} 3. e5 {[%clk 01:29:49]} {[%emt 00:01:05]} c5 {[%clk
01:31:49]} {[%emt 00:00:04]} 4. Nf3 {[%clk 01:29:16]} {[%emt 00:01:03]} Nc6
{[%clk 01:31:05]} {[%emt 00:01:15]} 5. Bg5 {[%clk 01:27:40]} {[%emt 00:02:05]}
Qb6 {[%clk 01:30:46]} {[%emt 00:00:49]} 6. Bc1 {[%clk 01:26:18]} {[%emt
00:01:53]} cxd4 {[%clk 01:30:44]} {[%emt 00:00:33]} 7. a3 {[%clk 01:24:58]}
{[%emt 00:01:50]} Nge7 {[%clk 01:27:48]} {[%emt 00:03:25]} 8. Bd3 {[%clk
01:22:54]} {[%emt 00:02:34]} Ng6 {[%clk 01:24:24]} {[%emt 00:03:54]} 9. Qe2
{[%clk 01:21:53]} {[%emt 00:01:02]} a6 {[%clk 01:22:02]} {[%emt 00:03:22]} 10.
O-O {[%clk 01:20:12]} {[%emt 00:02:09]} Qc7 {[%clk 01:19:51]} {[%emt 00:02:43]}
11. Re1 {[%clk 01:18:24]} {[%emt 00:02:18]} Bd7 {[%clk 01:17:59]} {[%emt
00:02:22]} 12. c3 {[%clk 01:14:35]} {[%emt 00:04:20]} dxc3 {[%clk 01:17:14]}
{[%emt 00:01:15]} 13. Nxc3 {[%clk 01:14:20]} {[%emt 00:00:45]} Bc5 {[%clk
01:12:35]} {[%emt 00:05:09]} 14. Bd2 {[%clk 01:12:16]} {[%emt 00:02:34]} Bd4
{[%clk 01:11:13]} {[%emt 00:01:51]} 15. Nxd4 {[%clk 01:10:18]} {[%emt
00:02:28]} Nxd4 {[%clk 01:10:50]} {[%emt 00:00:53]} 16. Qe3 {[%clk 01:09:47]}
{[%emt 00:01:01]} Nc6 {[%clk 01:08:46]} {[%emt 00:02:35]} 17. Qg3 {[%clk
01:08:28]} {[%emt 00:01:47]} O-O-O {[%clk 00:57:34]} {[%emt 00:11:43]} 18. Rac1
{[%clk 01:06:15]} {[%emt 00:02:42]} Kb8 {[%clk 00:54:05]} {[%emt 00:03:59]} 19.
Na4 {[%clk 01:03:47]} {[%emt 00:02:58]} b5 {[%clk 00:44:23]} {[%emt 00:10:13]}
20. Nc5 {[%clk 01:02:43]} {[%emt 00:01:32]} Ka7 {[%clk 00:40:50]} {[%emt
00:04:04]} 21. a4 {[%clk 01:01:15]} {[%emt 00:01:59]} bxa4 {[%clk 00:33:45]}
{[%emt 00:07:35]} 22. Nxa6 {[%clk 01:00:09]} {[%emt 00:01:36]} Qb6 {[%clk
00:29:11]} {[%emt 00:04:59]} 23. Nc5 {[%clk 00:48:48]} {[%emt 00:11:55]} Qxb2
{[%clk 00:22:23]} {[%emt 00:07:18]} 24. Nxd7 {[%clk 00:47:09]} {[%emt
00:02:09]} Rxd7 {[%clk 00:22:11]} {[%emt 00:00:41]} 25. Be3+ {[%clk 00:44:52]}
{[%emt 00:02:49]} d4 {[%clk 00:20:42]} {[%emt 00:01:59]} 26. Rxc6 {[%clk
00:43:47]} {[%emt 00:01:34]} dxe3 {[%clk 00:19:48]} {[%emt 00:01:24]} 27. Qxe3+
{[%clk 00:42:07]} {[%emt 00:02:08]} Rd4 {[%clk 00:16:33]} {[%emt 00:03:47]} 28.
Rd6 {[%clk 00:40:50]} {[%emt 00:01:47]} Nxe5 {[%clk 00:09:22]} {[%emt
00:07:40]} 29. Qxd4+ {[%clk 00:40:45]} {[%emt 00:00:35]} Qxd4 {[%clk 00:09:10]}
{[%emt 00:00:42]} 30. Rxd4 {[%clk 00:41:05]} {[%emt 00:00:10]} Nxd3 {[%clk
00:09:18]} {[%emt 00:00:22]} 31. Rxd3 {[%clk 00:41:29]} {[%emt 00:00:07]} Rb8
{[%clk 00:09:21]} {[%emt 00:00:26]} 32. Ra3 {[%clk 00:41:13]} {[%emt 00:00:46]}
Rb4 {[%clk 00:09:34]} {[%emt 00:00:17]} 33. Rea1 {[%clk 00:41:30]} {[%emt
00:00:13]} Kb6 {[%clk 00:09:32]} {[%emt 00:00:33]} 34. Rxa4 {[%clk 00:41:43]}
{[%emt 00:00:17]} Rb2 {[%clk 00:08:55]} {[%emt 00:01:05]} 35. g3 {[%clk
00:41:52]} {[%emt 00:00:22]} Kc6 {[%clk 00:08:57]} {[%emt 00:00:28]} 36. Ra7
{[%clk 00:42:04]} {[%emt 00:00:17]} Rb7 {[%clk 00:07:26]} {[%emt 00:02:03]} 37.
Rxb7 {[%clk 00:41:59]} {[%emt 00:00:35]} Kxb7 {[%clk 00:07:51]} {[%emt
00:00:05]} 38. Kg2 {[%clk 00:42:03]} {[%emt 00:00:24]} g5 {[%clk 00:07:49]}
{[%emt 00:00:33]} 39. h4 {[%clk 00:42:21]} {[%emt 00:00:13]} h6 {[%clk
00:08:09]} {[%emt 00:00:10]} 40. hxg5 {[%clk 00:42:44]} {[%emt 00:00:07]} hxg5
{[%clk 00:08:30]} {[%emt 00:00:08]} 41. Rh1 {[%clk 00:43:02]} {[%emt 00:00:12]}
Kc6 {[%clk 00:08:46]} {[%emt 00:00:14]} 42. Rd1 {[%clk 00:42:57]} {[%emt
00:00:34]} f5 {[%clk 00:08:40]} {[%emt 00:00:37]} 43. Kf3 {[%clk 00:43:04]}
{[%emt 00:00:23]} Kc5 {[%clk 00:08:52]} {[%emt 00:00:17]} 44. g4 {[%clk
00:43:25]} {[%emt 00:00:09]} Kc6 {[%clk 00:08:58]} {[%emt 00:00:26]} 45. gxf5
{[%clk 00:43:26]} {[%emt 00:00:28]} exf5 {[%clk 00:09:21]} {[%emt 00:00:07]}
46. Rg1 {[%clk 00:43:39]} {[%emt 00:00:17]} g4+ {[%clk 00:09:24]} {[%emt
00:00:27]} 47. Kf4 {[%clk 00:44:02]} {[%emt 00:00:08]} Kd5 {[%clk 00:09:42]}
{[%emt 00:00:12]} 48. Kxf5 {[%clk 00:44:23]} {[%emt 00:00:09]} Kd4 {[%clk
00:10:00]} {[%emt 00:00:12]} 49. Re1 {[%clk 00:44:36]} {[%emt 00:00:16]} Kd3
{[%clk 00:10:16]} {[%emt 00:00:14]} 50. Kxg4 {[%clk 00:44:59]} {[%emt
00:00:08]} Kd2 {[%clk 00:10:34]} {[%emt 00:00:12]} 51. Re8 {[%clk 00:45:18]}
{[%emt 00:00:11]} Kd1 {[%clk 00:10:51]} {[%emt 00:00:11]} 52. f4 {[%clk
00:45:40]} {[%emt 00:00:09]} Kd2 {[%clk 00:10:56]} {[%emt 00:00:25]} 53. f5
{[%clk 00:46:04]} {[%emt 00:00:06]} Kd3 {[%clk 00:11:22]} {[%emt 00:00:04]} 54.
f6 {[%clk 00:46:25]} {[%emt 00:00:08]} Kd2 {[%clk 00:11:44]} {[%emt 00:00:08]}
55. f7 {[%clk 00:46:50]} {[%emt 00:00:06]} Kd3 {[%clk 00:12:09]} {[%emt
00:00:04]} 56. f8=Q {[%clk 00:47:01]} {[%emt 00:00:19]} Kd4 {[%clk 00:12:32]}
{[%emt 00:00:07]} 57. Qd6+ {[%clk 00:47:24]} {[%emt 00:00:08]} Kc3 {[%clk
00:12:52]} {[%emt 00:00:10]} 58. Rc8+ {[%clk 00:47:47]} {[%emt 00:00:06]} Kb3
{[%clk 00:13:14]} {[%emt 00:00:07]} 59. Qb6+ {[%clk 00:48:10]} {[%emt
00:00:09]} Ka3 {[%clk 00:13:41]} {[%emt 00:00:04]} 60. Ra8# {[%clk 00:48:23]}
1-0

[Event "ODJM B 2025"]
[Site "Willingen GER"]
[Date "2025.06.12"]
[Round "7"]
[White "Tabales, Lennart"]
[Black "Reuß, Till-Christopher"]
[Result "0-1"]
[Termination "normal"]
[Board "1"]
[WhiteElo "1775"]
[BlackElo "1845"]
[WhiteClock "00:27:09"]
[BlackClock "00:16:37"]
[PlyCount "98"]
[WhiteFideId "34604057"]
[BlackFideId "533011524"]
[EventCountry "GER"]
[EventRounds "9"]
[EventType "swiss"]
[EventDate "2025.06.07"]

1. e4 {[%clk 01:30:13]} {[%emt 00:00:46]} e5 {[%clk 01:30:56]} {[%emt
00:00:04]} 2. f4 {[%clk 01:30:33]} {[%emt 00:00:10]} d6 {[%clk 01:30:14]}
{[%emt 00:01:13]} 3. Nf3 {[%clk 01:30:55]} {[%emt 00:00:08]} Nc6 {[%clk
01:29:59]} {[%emt 00:00:45]} 4. Bb5 {[%clk 01:30:47]} {[%emt 00:00:38]} Bd7
{[%clk 01:22:44]} {[%emt 00:07:44]} 5. d3 {[%emt 00:06:18]} g6 {[%clk
01:17:03]} {[%emt 00:06:06]} 6. O-O {[%clk 01:19:07]} {[%emt 00:06:26]} Bg7
{[%clk 01:10:16]} {[%emt 00:07:18]} 7. c3 {[%clk 01:16:03]} {[%emt 00:03:34]}
Qe7 {[%clk 01:06:23]} {[%emt 00:04:23]} 8. fxe5 {[%clk 01:08:44]} {[%emt
00:07:49]} Nxe5 {[%clk 01:05:46]} {[%emt 00:01:06]} 9. Nxe5 {[%clk 01:05:03]}
{[%emt 00:04:12]} Bxe5 {[%clk 01:03:07]} {[%emt 00:03:09]} 10. Bc4 {[%clk
01:02:49]} {[%emt 00:02:43]} Be6 {[%clk 01:00:44]} {[%emt 00:02:53]} 11. Bxe6
{[%clk 00:58:51]} {[%emt 00:04:28]} fxe6 {[%clk 00:56:22]} {[%emt 00:04:52]}
12. Be3 {[%clk 00:53:20]} {[%emt 00:06:01]} Qh4 {[%clk 00:50:36]} {[%emt
00:06:16]} 13. h3 {[%clk 00:49:05]} {[%emt 00:04:45]} O-O-O {[%clk 00:42:59]}
{[%emt 00:08:07]} 14. Nd2 {[%clk 00:45:37]} {[%emt 00:03:58]} Qe7 {[%clk
00:39:31]} {[%emt 00:03:59]} 15. Qa4 {[%clk 00:40:15]} {[%emt 00:05:52]} a6
{[%clk 00:37:33]} {[%emt 00:02:29]} 16. Nc4 {[%clk 00:33:41]} {[%emt 00:07:04]}
Bg7 {[%clk 00:34:57]} {[%emt 00:03:06]} 17. b4 {[%clk 00:24:33]} {[%emt
00:09:38]} d5 {[%clk 00:30:44]} {[%emt 00:04:43]} 18. Na3 {[%clk 00:15:36]}
{[%emt 00:09:27]} d4 {[%clk 00:25:47]} {[%emt 00:05:27]} 19. Bf2 {[%clk
00:07:48]} {[%emt 00:08:18]} Qd7 {[%clk 00:16:15]} {[%emt 00:10:02]} 20. Qxd7+
{[%clk 00:05:43]} {[%emt 00:02:35]} Rxd7 {[%clk 00:16:33]} {[%emt 00:00:13]}
21. c4 {[%clk 00:06:04]} {[%emt 00:00:09]} Ne7 {[%clk 00:12:28]} {[%emt
00:04:35]} 22. Nc2 {[%clk 00:05:52]} {[%emt 00:00:41]} Bh6 {[%clk 00:10:20]}
{[%emt 00:02:38]} 23. Bxd4 {[%clk 00:03:31]} {[%emt 00:02:50]} Rxd4 {[%clk
00:10:37]} {[%emt 00:00:13]} 24. Nxd4 {[%clk 00:03:54]} {[%emt 00:00:08]} Be3+
{[%clk 00:10:58]} {[%emt 00:00:08]} 25. Kh1 {[%clk 00:04:19]} {[%emt 00:00:05]}
Bxd4 {[%clk 00:10:52]} {[%emt 00:00:37]} 26. Rad1 {[%clk 00:03:26]} {[%emt
00:01:22]} Nc6 {[%clk 00:08:13]} {[%emt 00:03:09]} 27. Rb1 {[%clk 00:01:44]}
{[%emt 00:02:12]} Ne5 {[%clk 00:08:09]} {[%emt 00:00:34]} 28. Rb3 {[%clk
00:01:53]} {[%emt 00:00:22]} Kd7 {[%clk 00:07:27]} {[%emt 00:01:12]} 29. g3
{[%clk 00:00:41]} {[%emt 00:01:41]} Ke7 {[%clk 00:06:12]} {[%emt 00:01:44]} 30.
Kg2 {[%clk 00:00:57]} {[%emt 00:00:15]} Rf8 {[%clk 00:06:22]} {[%emt 00:00:20]}
31. Rxf8 {[%clk 00:01:14]} {[%emt 00:00:12]} Kxf8 {[%clk 00:06:51]} {[%emt
00:00:01]} 32. g4 {[%clk 00:00:49]} {[%emt 00:00:56]} Ke7 {[%clk 00:06:10]}
{[%emt 00:01:12]} 33. g5 {[%clk 00:00:34]} {[%emt 00:00:45]} Kd6 {[%clk
00:04:52]} {[%emt 00:01:47]} 34. Kg3 {[%clk 00:00:35]} {[%emt 00:00:29]} Nc6
{[%clk 00:03:10]} {[%emt 00:02:13]} 35. h4 {[%clk 00:00:38]} {[%emt 00:00:27]}
b5 {[%clk 00:01:46]} {[%emt 00:01:54]} 36. c5+ {[%clk 00:00:42]} {[%emt
00:00:26]} Ke5 {[%clk 00:01:38]} {[%emt 00:00:37]} 37. Ra3 {[%clk 00:00:36]}
{[%emt 00:00:38]} Nxb4 {[%clk 00:01:51]} {[%emt 00:00:17]} 38. h5 {[%clk
00:00:37]} {[%emt 00:00:29]} Bxc5 {[%clk 00:01:32]} {[%emt 00:00:48]} 39. Kg4
{[%clk 00:00:48]} {[%emt 00:00:19]} Kd4 {[%clk 00:01:06]} {[%emt 00:00:55]} 40.
hxg6 {[%clk 00:00:50]} {[%emt 00:00:28]} hxg6 {[%clk 00:01:27]} {[%emt
00:00:09]} 41. Kf3 {[%clk 00:00:57]} {[%emt 00:00:24]} Bb6 {[%clk 00:28:31]}
{[%emt 00:03:26]} 42. Kg4 {[%clk 00:29:52]} {[%emt 00:01:35]} c5 {[%clk
00:26:54]} {[%emt 00:02:07]} 43. Kf3 {[%clk 00:30:12]} {[%emt 00:00:10]} Bd8
{[%clk 00:25:24]} {[%emt 00:02:00]} 44. Kg4 {[%clk 00:30:20]} {[%emt 00:00:22]}
Ke3 {[%clk 00:17:44]} {[%emt 00:08:09]} 45. Kh4 {[%clk 00:28:29]} {[%emt
00:02:22]} e5 {[%clk 00:17:05]} {[%emt 00:01:09]} 46. Kg4 {[%clk 00:28:48]}
{[%emt 00:00:10]} Kd2 {[%clk 00:17:24]} {[%emt 00:00:11]} 47. Rb3 {[%clk
00:26:35]} {[%emt 00:02:44]} Kc2 {[%clk 00:16:50]} {[%emt 00:01:04]} 48. Kh4
{[%clk 00:26:44]} {[%emt 00:00:21]} Nxa2 {[%clk 00:16:30]} {[%emt 00:00:50]}
49. Ra3 {[%clk 00:27:09]} {[%emt 00:00:05]} Nb4 {[%clk 00:16:37]} {[%emt
00:00:23]} 0-1